Lohnflexibilität und Beschäftigung in der bundesdeutschen Industrie.
Prehľad reálnych miezd a ich vzťahu k produktivite v r. 1968-1987 v nemeckom priemysle. Odhad funkcie dopytu po práci, s ohľadom na vzťah miezd a produktivity. Dôležitými determinantami dopytu po práci sú dopyt po výstupnom produkte a technický pokrok.
Saved in:
| Main Author: | |
|---|---|
| Format: | Book Chapter |
| Language: | German |
| Subjects: | |
| Tags: |
No Tags, Be the first to tag this record!
|
MARC
| LEADER | 00000naa a2200000 4500 | ||
|---|---|---|---|
| 001 | r006950 | ||
| 005 | 20221130103431.1 | ||
| 041 | 0 | |a ger | |
| 044 | |a DE | ||
| 245 | 1 | 0 | |a Lohnflexibilität und Beschäftigung in der bundesdeutschen Industrie. |c K. Kraft |
| 520 | |a Prehľad reálnych miezd a ich vzťahu k produktivite v r. 1968-1987 v nemeckom priemysle. Odhad funkcie dopytu po práci, s ohľadom na vzťah miezd a produktivity. Dôležitými determinantami dopytu po práci sú dopyt po výstupnom produkte a technický pokrok. | ||
| 610 | 2 | 0 | |a mzdy reálne |
| 610 | 2 | 0 | |a Nemecko |
| 610 | 2 | 0 | |a 1968-1987 |
| 610 | 2 | 0 | |a priemysel |
| 610 | 2 | 0 | |a produktivita práce |
| 610 | 2 | 0 | |a funkcie dopytové |
| 610 | 2 | 0 | |a pokrok technický |
| 610 | 2 | 0 | |a údaje štatistické |
| 100 | 1 | |a Kraft, K. | |